OBJECT ORIENTED OF PROGRAMMING (Record no. 6323)

MARC details
000 -LEADER
fixed length control field 00498nam a2200241Ia 4500
001 - CONTROL NUMBER
control field 072275
003 - CONTROL NUMBER IDENTIFIER
control field YMCAF
005 - DATE AND TIME OF LATEST TRANSACTION
control field 20230512160754.0
008 - FIXED-LENGTH DATA ELEMENTS--GENERAL INFORMATION
fixed length control field 100717s9999 ||||||||||||||||| ||und|d
020 ## - INTERNATIONAL STANDARD BOOK NUMBER
International Standard Book Number -
024 ## - OTHER STANDARD IDENTIFIER
Standard number or code 72275
035 ## - SYSTEM CONTROL NUMBER
System control number 11738
040 ## - CATALOGING SOURCE
Original cataloging agency YMCAF
Language of cataloging eng
Transcribing agency IN-KoLT
041 ## - LANGUAGE CODE
Language code of text/sound track or separate title eng
082 ## - DEWEY DECIMAL CLASSIFICATION NUMBER
Classification number 005.133
Item number BAL
100 ## - MAIN ENTRY--PERSONAL NAME
Personal name BALAGURUSAWAMY
245 #0 - TITLE STATEMENT
Title OBJECT ORIENTED OF PROGRAMMING
250 ## - EDITION STATEMENT
Edition statement -
260 ## - PUBLICATION, DISTRIBUTION, ETC.
Name of publisher, distributor, etc. TMH
Date of publication, distribution, etc. -
653 ## - INDEX TERM--UNCONTROLLED
Uncontrolled term -
653 ## - INDEX TERM--UNCONTROLLED
Uncontrolled term -
942 ## - ADDED ENTRY ELEMENTS (KOHA)
Source of classification or shelving scheme Dewey Decimal Classification
Koha item type Books
Holdings
Withdrawn status Lost status Damaged status Not for loan Home library Current library Date acquired Cost, normal purchase price Total Checkouts Total Renewals Barcode Date last seen Date last checked out Cost, replacement price Price effective from Koha item type Public note G
        JC Bose University of Science & Technology JC Bose University of Science & Technology 17/07/2010 110.00 3 2 11742 25/04/2024 18/04/2024 110.00 12/05/2023 Books C 3185
  Lost     JC Bose University of Science & Technology JC Bose University of Science & Technology 17/07/2010 110.00     11738 12/05/2023   110.00 12/05/2023 Books C 3185
  Lost     JC Bose University of Science & Technology JC Bose University of Science & Technology 17/07/2010 110.00     11739 12/05/2023   110.00 12/05/2023 Books C 3185
  Lost     JC Bose University of Science & Technology JC Bose University of Science & Technology 17/07/2010 110.00     11740 12/05/2023   110.00 12/05/2023 Books C 3185
        JC Bose University of Science & Technology JC Bose University of Science & Technology 17/07/2010 110.00 4   11741 17/11/2023 02/11/2023 110.00 12/05/2023 Books C 3185